000 00498nam a22001817a 4500
005 20260514103110.0
008 260514b |||||||| |||| 00| 0 eng d
020 _a9781782545002
041 _aEng
082 _a338.88 DEM
100 _aDemirbag, Mehmet
245 _aHandbook of Emerging Market Multinational Corporations
260 _aCheltenham
_b Edward Elgar
_c2015
300 _a283;. P. 23 cm
650 _aInternational business enterprises
700 _aYaprak, Attila
942 _cBK
999 _c46579
_d46579